Nghiên Cứu Tiếp Thị - Marketing Research
Shranjeno v:
| Glavni avtor: | |
|---|---|
| Format: | Knjiga |
| Jezik: | Vietnamese |
| Izdano: |
Lao Động
|
| Oznake: |
Označite
Brez oznak, prvi označite!
|
| Thư viện lưu trữ: | Mạng thư viện Đại học Đà Nẵng |
|---|
| LEADER | 00633nam a2200277 4500 | ||
|---|---|---|---|
| 001 | 000026613 | ||
| 003 | 68 | ||
| 005 | 20150204120000.0 | ||
| 008 | 150204s vm 000 vie | ||
| 020 | |c 104000,0000 | ||
| 040 | |a D5 | ||
| 100 | |a Nguyễn văn dung | ||
| 245 | |a Nghiên Cứu Tiếp Thị - Marketing Research | ||
| 260 | |b Lao Động |c 0 | ||
| 300 | |a 518tr. ; | ||
| OWN | |a LTT | ||
| 999 | |a From the UDN01 | ||
| TYP | |a Monograph | ||
| TYP | |a Printed language | ||
| 980 | |a Mạng thư viện Đại học Đà Nẵng | ||